Sports Quiz

Random Sports Quiz

Jets Offensive Starters 2010 Quiz Stats

 Plays Quiz not verified by Sporcle

Score 0/11 Timer 05:00
0 Plays Today
% Correct
Mark Sanchez
100%
Braylon Edwards
99%
LaDanian Tomlinson
97.9%
Santonio Holmes
93.8%
Nick Mangold
93.8%
Dustin Keller
88.5%
Tony Richardson
84.4%
D'Brickashaw Ferguson
84.4%
Brandon Moore
62.5%
Matt Slauson
57.3%
Damien Woody
52.1%

You're not logged in!

Compare scores with friends on all Sporcle quizzes.
OR
Log In

Show Comments

Extras

Top Quizzes Today


Score Distribution

Your Account Isn't Verified!

In order to create a playlist on Sporcle, you need to verify the email address you used during registration. Go to your Sporcle Settings to finish the process.

Report this User

Report this user for behavior that violates our Community Guidelines.

Details: